<?xml version='1.0' encoding='UTF-8'?>
  <record xmlns="http://www.loc.gov/MARC21/slim">
    <leader>00000ctm a22000007i 4500</leader>
    <controlfield tag="001">on1280055423</controlfield>
    <controlfield tag="003">OCoLC</controlfield>
    <controlfield tag="005">20251012043227.2</controlfield>
    <controlfield tag="008">211021s1487    ne            000 0 dum d</controlfield>
    <datafield tag="040" ind1=" " ind2=" ">
      <subfield code="a">QGJ</subfield>
      <subfield code="b">eng</subfield>
      <subfield code="e">rda</subfield>
      <subfield code="e">amremm</subfield>
      <subfield code="c">QGJ</subfield>
      <subfield code="d">QGJ</subfield>
      <subfield code="d">OCLCO</subfield>
      <subfield code="d">OCLCA</subfield>
      <subfield code="d">OCLCO</subfield>
      <subfield code="d">OCL</subfield>
      <subfield code="d">OCLCO</subfield>
      <subfield code="d">OCLCL</subfield>
      <subfield code="d">OCLCO</subfield>
    </datafield>
    <datafield tag="035" ind1=" " ind2=" ">
      <subfield code="a">(OCoLC)1280055423</subfield>
    </datafield>
    <datafield tag="041" ind1="1" ind2=" ">
      <subfield code="a">dum</subfield>
      <subfield code="h">fro</subfield>
    </datafield>
    <datafield tag="100" ind1="0" ind2=" ">
      <subfield code="a">Laurent,</subfield>
      <subfield code="c">d'Orléans,</subfield>
      <subfield code="d">active 1279,</subfield>
      <subfield code="e">author.</subfield>
      <subfield code="4">aut</subfield>
      <subfield code="1">https://id.oclc.org/worldcat/entity/E39PCjJ9hk7CJpTGxJX6KM4FVd</subfield>
    </datafield>
    <datafield tag="240" ind1="1" ind2="0">
      <subfield code="a">Somme le Roy.</subfield>
      <subfield code="l">Middle Dutch</subfield>
      <subfield code="f">1487</subfield>
    </datafield>
    <datafield tag="245" ind1="1" ind2="4">
      <subfield code="a">Des Coninx Summe /</subfield>
      <subfield code="c">Laurent d'Orléans ; translated by Jan van Brederode ,</subfield>
      <subfield code="f">UBU Hs 35 A 5.</subfield>
    </datafield>
    <datafield tag="246" ind1="3" ind2=" ">
      <subfield code="a">Des Coninx Summe</subfield>
    </datafield>
    <datafield tag="246" ind1="3" ind2=" ">
      <subfield code="a">Summe le roy of des conincs summe</subfield>
    </datafield>
    <datafield tag="246" ind1="3" ind2=" ">
      <subfield code="a">Somme des vices et vertus [Middle Dutch]</subfield>
    </datafield>
    <datafield tag="264" ind1=" " ind2="0">
      <subfield code="a">[Northern Netherlands, near Utrecht] :</subfield>
      <subfield code="b">Karthuizerklooster Nieuwlicht of Bloemendaal,</subfield>
      <subfield code="c">1487</subfield>
    </datafield>
    <datafield tag="300" ind1=" " ind2=" ">
      <subfield code="a">248 pages (page 248 blank) :</subfield>
      <subfield code="b">colored initials, rubrications ;</subfield>
      <subfield code="c">208 x 145 (143 x 95) mm</subfield>
    </datafield>
    <datafield tag="336" ind1=" " ind2=" ">
      <subfield code="a">text</subfield>
      <subfield code="b">txt</subfield>
      <subfield code="2">rdacontent</subfield>
    </datafield>
    <datafield tag="337" ind1=" " ind2=" ">
      <subfield code="a">unmediated</subfield>
      <subfield code="b">n</subfield>
      <subfield code="2">rdamedia</subfield>
    </datafield>
    <datafield tag="338" ind1=" " ind2=" ">
      <subfield code="a">volume</subfield>
      <subfield code="b">nc</subfield>
      <subfield code="2">rdacarrier</subfield>
    </datafield>
    <datafield tag="340" ind1=" " ind2=" ">
      <subfield code="a">paper</subfield>
      <subfield code="2">rdamat</subfield>
    </datafield>
    <datafield tag="340" ind1=" " ind2=" ">
      <subfield code="m">4to</subfield>
      <subfield code="2">rdabf</subfield>
    </datafield>
    <datafield tag="340" ind1=" " ind2=" ">
      <subfield code="k">1 column, 26-33 lines, littera cursiva</subfield>
    </datafield>
    <datafield tag="500" ind1=" " ind2=" ">
      <subfield code="a">Middle Dutch translation of La somme le roy, a series of moral lessons in the Mirror of Princes tradition written in 1279 for King Philip III of France by his confessor, the Dominican friar Laurent d'Orléans, also known as Laurent du Bois.</subfield>
    </datafield>
    <datafield tag="500" ind1=" " ind2=" ">
      <subfield code="a">Incipit introduction page 6: "Dit boeck wart begonnen te scriven int jaer ons heren M.IIIIc ende LXXXVII  op sinte Ambrosyus dach den IIIIden dach van april. Ende heeft ghescreven een reduyt broder Jan Symoens zone. Ende is ghenoemt des conincx somme."</subfield>
    </datafield>
    <datafield tag="500" ind1=" " ind2=" ">
      <subfield code="a">Incipit translator's prologue [page 7]: "Sonderlinghe ende lieve gheminde neve ende broder in Jhesu Christo Want ic broder Jan van Brerode convaers der carthuser oerden tot Zeelem grote begheerte hebbe ..."</subfield>
    </datafield>
    <datafield tag="500" ind1=" " ind2=" ">
      <subfield code="a">Pages 233-235: Incipit: Hier volghet die passij ..., Die passy vur ene corte sey. Incipit: "Als Jhesus onse ghesontmaker die werelt wou laten Soe heeft ... dat Jhesus mit zinen lieven discypelen dede des donre fages avonts".</subfield>
    </datafield>
    <datafield tag="500" ind1=" " ind2=" ">
      <subfield code="a">Pages 236-245: Running title: Hier beghint die heilighe passy zeer cort en[de] goet: incipit: "Hier na ghinc Jhesus een luttel van hem ende is ghevallen in bedinge Ende wort bevende van groter anxt ... dat dae an menich mensche verloren soude wesen dat hij te voeren wiste".</subfield>
    </datafield>
    <datafield tag="500" ind1=" " ind2=" ">
      <subfield code="a">Pages 245-249: Incipit: Hier volghet na XV goede punten ende leringhe die broder Jan Brugman den volc plach te prediken ende te leren daer die sommighe gheboden of sijn Ende die sommighe sijn goede raden: "Die eerste raet is dat een mensche voer alle dinc zijn pater noster ende sijn credo in Duytsche sel konnen ende dat hij weet die X gheboden op dat hij weten mach wat hij bidt ende wat hij gheloven sel ... Want god gheliken hem selven bi den armen Als hij selve seit wat ghij den alren minsten doet in minen naem dat doe dij mij".</subfield>
    </datafield>
    <datafield tag="500" ind1=" " ind2=" ">
      <subfield code="a">Page 249: Incipit: O mensche denc op die vervaerlike ewicheit.</subfield>
    </datafield>
    <datafield tag="500" ind1=" " ind2=" ">
      <subfield code="a">Page 250: Incipit: Ghy en selt u liden niemant claghen.</subfield>
    </datafield>
    <datafield tag="500" ind1=" " ind2=" ">
      <subfield code="a">Page 250: Incipit: Drie dinghen weet ic wel voerwaer.</subfield>
    </datafield>
    <datafield tag="500" ind1=" " ind2=" ">
      <subfield code="a">Paginated 1-250 in pencil in the middle of the upper margin by Jozef Geldhof in or shortly before 1960 starting on the pastedown in the front.</subfield>
    </datafield>
    <datafield tag="500" ind1=" " ind2=" ">
      <subfield code="a">Pages 165-172, lacking some pages, with loss of text.</subfield>
    </datafield>
    <datafield tag="500" ind1=" " ind2=" ">
      <subfield code="a">Some remnants of catchwords in lower margin, and some remnants of quire signatures.</subfield>
    </datafield>
    <datafield tag="501" ind1=" " ind2=" ">
      <subfield code="a">With: Johannes Brugman, XV Goede punten ende leringhe (pages 245-249); and three rhymed exempla (pages 233-245).</subfield>
    </datafield>
    <datafield tag="524" ind1="8" ind2=" ">
      <subfield code="a">Cite as: Universiteitsbibliotheek Utrecht Hs 35 A 5.</subfield>
    </datafield>
    <datafield tag="541" ind1=" " ind2=" ">
      <subfield code="3">Manuscript</subfield>
      <subfield code="a">Antiquarian Les Enluminures (TM 933)</subfield>
      <subfield code="c">Purchase</subfield>
      <subfield code="d">202110</subfield>
      <subfield code="5">NL-UtRU</subfield>
    </datafield>
    <datafield tag="546" ind1=" " ind2=" ">
      <subfield code="a">Text in Middle Dutch, translated from Old French.</subfield>
    </datafield>
    <datafield tag="561" ind1=" " ind2=" ">
      <subfield code="a">The manuscript was first held by the monastery Nieuwlicht, near Utrecht, where it was written by Jan Simoensz. In the sixteenth century the manuscript belonged to Reyn Dircx, according to an owner's inscription in brown ink on page 5: "Dit boek hoort toe Reyn Dircx". Later it was in the possession of the Belgian Baron Raphaël Gillès de Pélichy (1875-1967).</subfield>
    </datafield>
    <datafield tag="563" ind1=" " ind2=" ">
      <subfield code="a">Contemporary binding of brown leather (slightly damaged spine) over wooden boards, blind tooling, two brass catches and clasps on leather thongs; with manuscript waste.</subfield>
    </datafield>
    <datafield tag="563" ind1=" " ind2=" ">
      <subfield code="a">Parchment flyleaves and pastedowns at front and back of manuscript waste from two Utrecht charters of approximately 1425-1450 (dated 1425 and 1424?) in Latin in a littera cursiva, written on one side, folded with the text on the outside.</subfield>
    </datafield>
    <datafield tag="581" ind1=" " ind2=" ">
      <subfield code="a">De Hamel, C. "Dates in the Giant Bible of Mainz", in Tributes in Honor of James H. Marrow. Studies in Painting and Manuscript Illumination of the Late Middle Ages and Northern Renaissance, London, 2006.</subfield>
    </datafield>
    <datafield tag="581" ind1=" " ind2=" ">
      <subfield code="a">Dijk, A. van, ed. Johannes Brugman, Verspreide sermoenen, Antwerpen, 1948.</subfield>
    </datafield>
    <datafield tag="581" ind1=" " ind2=" ">
      <subfield code="a">Geldhof, Jozef. "Een onbekend handschrift van Des Conincx Somme. De vijftien punten van pater Jan Brugman, 1487," Biekorf, 61 (1960), pages 261-265.</subfield>
    </datafield>
    <datafield tag="581" ind1=" " ind2=" ">
      <subfield code="a">Grootens, P., ed. Onuitgegeven sermoenen van Jan Brugman O.F.M, Studiën en Tekstuitgaven van Ons Geestelĳk Erf, 8, Tielt, 1948.</subfield>
    </datafield>
    <datafield tag="581" ind1=" " ind2=" ">
      <subfield code="a">Gumbert, J.P. "Jan van Brederode: een beetje nieuw licht uit Nieuwlicht," In: Chr. de Backer, A.J. Geurts &amp; A.G. Weiler (eds.). Codex in context. Studies over codicologie, kartuizergeschiedenis en laatmiddeleeuws leven aangeboden aan Prof. Dr. A. Gruijs, Nijmegen/Grave, 1985, pages 161-174.</subfield>
    </datafield>
    <datafield tag="581" ind1=" " ind2=" ">
      <subfield code="a">Gumbert, J. P. Die Utrechter Kartäuser und ihre Bücher im frühen fünfzehnten Jahrhundert, Leiden, 1974.</subfield>
    </datafield>
    <datafield tag="581" ind1=" " ind2=" ">
      <subfield code="a">Hombergh, F.A.H. van den. Leven en werk van Jan Brugman O.F.M. (ca. 1400-1473). Met een uitgave van twee van zĳn tractaten, Teksten en Documenten, 6, Groningen, 1967.</subfield>
    </datafield>
    <datafield tag="581" ind1=" " ind2=" ">
      <subfield code="a">Lettinck, Nico. Praten als Brugman. De wereld van een Nederlandse volksprediker aan het einde van de Middeleeuwen, Verloren verleden, 5, Hilversum, 1999.</subfield>
    </datafield>
    <datafield tag="581" ind1=" " ind2=" ">
      <subfield code="a">Moll, W. Johannes Brugman en het godsdienstig leven onzer vaderen in de vijftiende eeuw grootendeels volgens handschriften geschetst. 2 vols., Amsterdam, 1854.</subfield>
    </datafield>
    <datafield tag="581" ind1=" " ind2=" ">
      <subfield code="a">Oostrom, Frits van. Nobel streven. Het onwaarschijnlijke maar waargebeurde verhaal van ridder Jan van Brederode, Amsterdam, 2017.</subfield>
    </datafield>
    <datafield tag="581" ind1=" " ind2=" ">
      <subfield code="a">Scholtens, H. J. J. "Jan van Brederode, convers der kartuizers bij Diest," Historisch Tijdschrift, 3 (1924), pages 8-29.</subfield>
    </datafield>
    <datafield tag="581" ind1=" " ind2=" ">
      <subfield code="a">Stooker, Karl and Theodorus Johannes Verbeĳ. Collecties op orde. Middelnederlandse handschriften uit kloosters en semi-religieuze gemeenschappen in de Nederlanden. 2 vols. I: Studie. II: Repertorium, Miscellanea neerlandica, 15-16, Leuven, 1997, no. 1199.</subfield>
    </datafield>
    <datafield tag="581" ind1=" " ind2=" ">
      <subfield code="a">Tinbergen, D. C., ed. Des coninx summe, Groningen, 1900.</subfield>
    </datafield>
    <datafield tag="581" ind1=" " ind2=" ">
      <subfield code="a">Tinbergen, D. C., ed. Des coninx summe, Leiden, 1907.</subfield>
    </datafield>
    <datafield tag="581" ind1=" " ind2=" ">
      <subfield code="a">Tinbergen, D.C. "Jan van Brederode als vertaler van Des coninx summe," De Nieuwe Taalgids 19 (1925), page 81.</subfield>
    </datafield>
    <datafield tag="650" ind1=" " ind2="0">
      <subfield code="a">Conduct of life</subfield>
      <subfield code="v">Early works to 1800.</subfield>
    </datafield>
    <datafield tag="650" ind1=" " ind2="0">
      <subfield code="a">Christian ethics</subfield>
      <subfield code="x">History</subfield>
      <subfield code="y">Middle Ages, 600-1500.</subfield>
    </datafield>
    <datafield tag="650" ind1=" " ind2="0">
      <subfield code="a">Virtues</subfield>
      <subfield code="v">Early works to 1800.</subfield>
    </datafield>
    <datafield tag="650" ind1=" " ind2="0">
      <subfield code="a">Vices</subfield>
      <subfield code="v">Early works to 1800.</subfield>
    </datafield>
    <datafield tag="650" ind1=" " ind2="0">
      <subfield code="a">Political science</subfield>
      <subfield code="v">Early works to 1800.</subfield>
    </datafield>
    <datafield tag="650" ind1=" " ind2="0">
      <subfield code="a">Political ethics</subfield>
      <subfield code="v">Early works to 1800.</subfield>
    </datafield>
    <datafield tag="650" ind1=" " ind2="6">
      <subfield code="a">Vertus</subfield>
      <subfield code="v">Ouvrages avant 1800.</subfield>
    </datafield>
    <datafield tag="650" ind1=" " ind2="6">
      <subfield code="a">Vices</subfield>
      <subfield code="v">Ouvrages avant 1800.</subfield>
    </datafield>
    <datafield tag="650" ind1=" " ind2="6">
      <subfield code="a">Morale politique</subfield>
      <subfield code="v">Ouvrages avant 1800.</subfield>
    </datafield>
    <datafield tag="650" ind1=" " ind2="6">
      <subfield code="a">Morale pratique</subfield>
      <subfield code="v">Ouvrages avant 1800.</subfield>
    </datafield>
    <datafield tag="650" ind1=" " ind2="7">
      <subfield code="a">Political ethics</subfield>
      <subfield code="2">fast</subfield>
    </datafield>
    <datafield tag="650" ind1=" " ind2="7">
      <subfield code="a">Political science</subfield>
      <subfield code="2">fast</subfield>
    </datafield>
    <datafield tag="650" ind1=" " ind2="7">
      <subfield code="a">Conduct of life</subfield>
      <subfield code="2">fast</subfield>
    </datafield>
    <datafield tag="650" ind1=" " ind2="7">
      <subfield code="a">Christian ethics</subfield>
      <subfield code="x">Middle Ages</subfield>
      <subfield code="2">fast</subfield>
    </datafield>
    <datafield tag="650" ind1=" " ind2="7">
      <subfield code="a">Vices</subfield>
      <subfield code="2">fast</subfield>
    </datafield>
    <datafield tag="650" ind1=" " ind2="7">
      <subfield code="a">Virtues</subfield>
      <subfield code="2">fast</subfield>
    </datafield>
    <datafield tag="648" ind1=" " ind2="7">
      <subfield code="a">600-1500</subfield>
      <subfield code="2">fast</subfield>
    </datafield>
    <datafield tag="655" ind1=" " ind2="7">
      <subfield code="a">devotional literature.</subfield>
      <subfield code="2">aat</subfield>
    </datafield>
    <datafield tag="655" ind1=" " ind2="7">
      <subfield code="a">exempla.</subfield>
      <subfield code="2">aat</subfield>
    </datafield>
    <datafield tag="655" ind1=" " ind2="7">
      <subfield code="a">History</subfield>
      <subfield code="2">fast</subfield>
    </datafield>
    <datafield tag="655" ind1=" " ind2="7">
      <subfield code="a">Exempla</subfield>
      <subfield code="2">fast</subfield>
    </datafield>
    <datafield tag="655" ind1=" " ind2="7">
      <subfield code="a">Devotional poetry</subfield>
      <subfield code="2">fast</subfield>
    </datafield>
    <datafield tag="655" ind1=" " ind2="7">
      <subfield code="a">Devotional literature</subfield>
      <subfield code="2">fast</subfield>
    </datafield>
    <datafield tag="655" ind1=" " ind2="7">
      <subfield code="a">Early works</subfield>
      <subfield code="2">fast</subfield>
    </datafield>
    <datafield tag="655" ind1=" " ind2="7">
      <subfield code="a">Devotional poetry.</subfield>
      <subfield code="2">lcgft</subfield>
    </datafield>
    <datafield tag="655" ind1=" " ind2="7">
      <subfield code="a">Devotional literature.</subfield>
      <subfield code="2">lcgft</subfield>
    </datafield>
    <datafield tag="655" ind1=" " ind2="7">
      <subfield code="a">Exempla.</subfield>
      <subfield code="2">lcgft</subfield>
    </datafield>
    <datafield tag="655" ind1=" " ind2="7">
      <subfield code="a">Littérature de dévotion.</subfield>
      <subfield code="2">rvmgf</subfield>
    </datafield>
    <datafield tag="655" ind1=" " ind2="7">
      <subfield code="a">Exempla.</subfield>
      <subfield code="2">rvmgf</subfield>
    </datafield>
    <datafield tag="700" ind1="0" ind2=" ">
      <subfield code="a">Philip</subfield>
      <subfield code="b">III,</subfield>
      <subfield code="c">King of France,</subfield>
      <subfield code="d">1245-1285,</subfield>
      <subfield code="e">dedicatee.</subfield>
      <subfield code="4">dte</subfield>
      <subfield code="1">https://id.oclc.org/worldcat/entity/E39PBJxxhhk8Y6M49J3P8VTj4q</subfield>
    </datafield>
    <datafield tag="700" ind1="1" ind2=" ">
      <subfield code="a">Brederode, Jan van,</subfield>
      <subfield code="d">approximately 1372-1415,</subfield>
      <subfield code="e">translator.</subfield>
      <subfield code="4">trl</subfield>
      <subfield code="1">https://id.oclc.org/worldcat/entity/E39PBJg4j9wJykqKxbhdTPfrMP</subfield>
    </datafield>
    <datafield tag="700" ind1="1" ind2=" ">
      <subfield code="a">Brugman, Johannes,</subfield>
      <subfield code="d">-1473,</subfield>
      <subfield code="e">author.</subfield>
      <subfield code="4">aut</subfield>
      <subfield code="1">https://id.oclc.org/worldcat/entity/E39PBJw8XWxYdtvXcGbdkpdvpP</subfield>
    </datafield>
    <datafield tag="700" ind1="1" ind2=" ">
      <subfield code="a">Symoensz, Jan,</subfield>
      <subfield code="e">scribe.</subfield>
      <subfield code="4">scr</subfield>
    </datafield>
    <datafield tag="700" ind1="1" ind2=" ">
      <subfield code="a">Dircx, Reyn,</subfield>
      <subfield code="e">former owner.</subfield>
      <subfield code="4">fmo</subfield>
    </datafield>
    <datafield tag="700" ind1="1" ind2=" ">
      <subfield code="a">Gillès de Pélichy, Raphaël,</subfield>
      <subfield code="c">Baron,</subfield>
      <subfield code="d">1875-1967,</subfield>
      <subfield code="e">former owner.</subfield>
      <subfield code="4">fmo</subfield>
      <subfield code="1">https://id.oclc.org/worldcat/entity/E39PCjK4MFbh4vRhJtxR9yCgBq</subfield>
    </datafield>
    <datafield tag="710" ind1="2" ind2=" ">
      <subfield code="a">Kartuizerklooster Nieuwlicht of Bloemendaal (Utrecht, Netherlands),</subfield>
      <subfield code="e">production place.</subfield>
      <subfield code="4">prp</subfield>
      <subfield code="1">https://id.oclc.org/worldcat/entity/E39QH7JmqP99fGwYxTq3gWj4Y6</subfield>
    </datafield>
    <datafield tag="710" ind1="2" ind2=" ">
      <subfield code="a">Universiteit Utrecht.</subfield>
      <subfield code="b">Bibliotheek.</subfield>
      <subfield code="k">Manuscript.</subfield>
      <subfield code="n">Hs 35 A 5.</subfield>
    </datafield>
    <datafield tag="740" ind1="0" ind2=" ">
      <subfield code="a">Dit boeck wart begonnen te scriven int jaer ons heren M.IIIIc ende LXXXVII  op sinte Ambrosyus dach den IIIIden dach van april. Ende heeft ghescreven een reduyt broder Jan Symoens zone. Ende is ghenoemt des conincx somme</subfield>
    </datafield>
    <datafield tag="740" ind1="0" ind2=" ">
      <subfield code="a">Sonderlinghe ende lieve gheminde neve ende broder in Jhesu Christo Want ic broder Jan van Brerode convaers der carthuser oerden tot Zeelem grote begheerte hebbe</subfield>
    </datafield>
    <datafield tag="740" ind1="0" ind2=" ">
      <subfield code="a">XV Goede punten ende leringhe</subfield>
    </datafield>
    <datafield tag="740" ind1="0" ind2=" ">
      <subfield code="a">Hier volghet na XV goede punten ende leringhe die broeder jan brugman den volcke plach te prediken ende te leren daer die sommighe gheboden of syn ende die sommighe syn goede raden</subfield>
    </datafield>
    <datafield tag="740" ind1="4" ind2=" ">
      <subfield code="a">Die eerste raet is dat een mensche voer alle dinc zijn pater noster ende sijn credo in Duytsche sel konnen</subfield>
    </datafield>
    <datafield tag="740" ind1="0" ind2=" ">
      <subfield code="a">Goede punten ende leringhe</subfield>
    </datafield>
    <datafield tag="740" ind1="4" ind2=" ">
      <subfield code="a">Die passy vur ene corte sey</subfield>
    </datafield>
    <datafield tag="740" ind1="4" ind2=" ">
      <subfield code="a">Die heilighe passy zeer cort en goet</subfield>
    </datafield>
    <datafield tag="740" ind1="0" ind2=" ">
      <subfield code="a">Hier beghint die heilighe passij zeer cort ende goet</subfield>
    </datafield>
    <datafield tag="740" ind1="0" ind2=" ">
      <subfield code="a">Hier na ghinc Jhesus een luttel van hem ende is ghevallen in bedinge Ende wort bevende van groter anxt ... dat dae an menich mensche verloren soude wesen dat hij te voeren wiste</subfield>
    </datafield>
    <datafield tag="740" ind1="0" ind2=" ">
      <subfield code="a">O mensche denc op die vervaerlike ewicheit</subfield>
    </datafield>
    <datafield tag="740" ind1="0" ind2=" ">
      <subfield code="a">Ghy en selt u liden niemant claghen</subfield>
    </datafield>
    <datafield tag="740" ind1="0" ind2=" ">
      <subfield code="a">Drie dinghen weet ic wel voerwaer</subfield>
    </datafield>
    <datafield tag="758" ind1=" " ind2=" ">
      <subfield code="i">has work:</subfield>
      <subfield code="a">UBU Hs 35 A 5 Des Coninx Summe (Text)</subfield>
      <subfield code="1">https://id.oclc.org/worldcat/entity/E39PCGVYMHjQ4wB3YJDQrTDqjP</subfield>
      <subfield code="4">https://id.oclc.org/worldcat/ontology/hasWork</subfield>
    </datafield>
  </record>